Top 5 Countries that produce ... #18 - Statistics

General Stats
  • This quiz has been taken 57 times
  • The average score is 25 of 30
Answer Stats
Answer % Correct
China
96%
Indonesia
96%
Indonesia
96%
Italy
96%
United States
96%
India
94%
India
94%
Russia
94%
Spain
94%
Spain
94%
Greece
92%
France
90%
France
90%
Mexico
90%
Thailand
90%
Turkey
88%
Turkey
88%
Turkey
88%
Vietnam
88%
Canada
86%
Philippines
80%
Ukraine
80%
Japan
78%
Argentina
72%
Malaysia
72%
Colombia
66%
Nigeria
66%
Morocco
64%
Hungary
34%
Czech republic
26%
No matching quizzes found
Score Distribution
Percent of People with Each Score
Percentile by Number Answered
Your Score History
You have not taken this quiz